Nalpathu pranayaniyamangal(നാൽപത് പ്രണയ നിയമങ്ങൾ) (Record no. 115830)
[ view plain ]
| 000 -LEADER | |
|---|---|
| fixed length control field | 00292 a2200109 4500 |
| 020 ## - INTERNATIONAL STANDARD BOOK NUMBER | |
| International Standard Book Number | 9789391600969 |
| 100 ## - MAIN ENTRY--PERSONAL NAME | |
| Personal name | Elif Shafak |
| 245 ## - TITLE STATEMENT | |
| Title | Nalpathu pranayaniyamangal(നാൽപത് പ്രണയ നിയമങ്ങൾ) |
| 250 ## - EDITION STATEMENT | |
| Edition statement | 8th |
| 260 ## - PUBLICATION, DISTRIBUTION, ETC. (IMPRINT) | |
| Name of publisher, distributor, etc | Other books |
| Date of publication, distribution, etc | 2025 |
| 942 ## - ADDED ENTRY ELEMENTS (KOHA) | |
| Koha item type | On order/under processing |
| Withdrawn status | Lost status | Damaged status | Not for loan | Home library | Current library | Date acquired | Source of acquisition | Cost, normal purchase price | Total Checkouts | Barcode | Date last seen | Cost, replacement price | Price effective from | Koha item type |
|---|---|---|---|---|---|---|---|---|---|---|---|---|---|---|
| University Library | University Library | 12/03/2026 | 269 | 460.02 | 00097912 | 12/03/2026 | 690.00 | 12/03/2026 | On order/under processing |
